| 000 | 00421cam a2200169ua 4500 | ||
|---|---|---|---|
| 041 |
_aeng _h |
||
| 082 |
_a690 _bESL/CU |
||
| 100 | _aEslick, C A R . | ||
| 245 |
_aBuilding mathematics, Vol 1 / _cC A R Eslick. _hTextual Documents |
||
| 250 |
_a1 / _b. |
||
| 260 |
_aLondon : _bEnglish Universities Press , _c1962. |
||
| 300 | _a169 ; . | ||
| 504 | _a | ||
| 700 | 1 | _aHatton, W . | |
| 942 | _cBK | ||
| 999 |
_c2716 _d2716 |
||